[Event "Ch Hungary"]
[Site "masterchessopen.com – Budapest (Hungary)"]
[Round "12"]
[White "Szilagyi Peter (HUN)"]
[Black "Honfi Karoly (HUN)"]
[Result "0-1"]
[WhiteElo "2373"]
[BlackElo "2470"]

1.e4 c5 2.Nf3 Nc6 3.d4 cxd4 4.Nxd4 Nf6 5.Nc3 d6 6.Bg5 e6 7.Qd2 Be7 8.O-O-O O-O
9.f4 h6 10.Bh4 e5 11.Nf5 Bxf5 12.exf5 exf4 13.Kb1 d5 14.Bxf6 Bxf6 15.Nxd5 Be5
16.Bb5 Nd4 17.Bc4 Nxf5 18.Qd3 g6 19.g3 fxg3 20.hxg3 Qg5 21.g4 Nd4 22.Nc3 b5
23.Bd5 Rad8 24.Ne4 Qe7 25.c4 Bg7 26.g5 hxg5 27.Qh3 Rfe8 28.Bxf7+ Qxf7 29.Rdf1
Nf5 30.Qh7+ Kf8 31.Ng3 Nxg3 32.Rxf7+ Kxf7 33.Rg1 Rh8 {#R} 0-1

[Event "It"]
[Site "masterchessopen.com – Sunny Beach (Bulgaria)"]
[Round "0"]
[White "Hort Vlastimil (GER)"]
[Black "Radulov Ivan (BUL)"]
[Result "1-0"]
[WhiteElo "2600"]
[BlackElo "2490"]

1.e4 c5 2.Nf3 Nc6 3.d4 cxd4 4.Nxd4 Nf6 5.Nc3 d6 6.Bg5 e6 7.Qd2 Be7 8.O-O-O O-O
9.f4 d5 10.e5 Nd7 11.Bxe7 Qxe7 12.Nf3 a6 13.Bd3 b5 14.Qe3 Rb8 15.Bxh7+ Kxh7
16.Ng5+ Kg6 17.Qh3 Ndxe5 18.Qh7+ {#r} 1-0

[Event "It (a)"]
[Site "masterchessopen.com – Wijk aan Zee (Netherlands)"]
[Round "10"]
[White "Matulovic Milan (SRB)"]
[Black "Radulov Ivan (BUL)"]
[Result "1-0"]
[WhiteElo "2394"]
[BlackElo "2490"]

1.e4 c5 2.Nf3 Nc6 3.d4 cxd4 4.Nxd4 Nf6 5.Nc3 d6 6.Bg5 e6 7.Qd2 Be7 8.O-O-O O-O
9.f4 d5 10.e5 Nd7 11.Nf3 Nb6 12.Bd3 Bd7 13.Kb1 Rc8 14.Ne2 Na4 15.Bxe7 Qxe7
16.Ned4 a6 17.Rhe1 g6 18.c3 b5 19.Rc1 Nc5 20.g4 Nxd4 21.cxd4 Nxd3 22.Qxd3 f6
23.exf6 Qxf6 24.Ne5 Rxc1+ 25.Rxc1 Be8 26.Rf1 g5 27.f5 Kg7 28.Qa3 b4 29.Qxb4
Bb5 30.Rf3 Rb8 31.Qd6 Re8 32.Rc3 Kg8 33.b3 Qh6 34.a4 Be2 35.Qd7 Rf8 36.fxe6
Qxh2 37.Rc8 {#r} 1-0

[Event "?"]
[Site "masterchessopen.com – URS"]
[Round "0"]
[White "Tal Mikhail N (LAT)"]
[Black "Izvozchikov Alexander (GEO)"]
[Result "1-0"]
[WhiteElo "2645"]
[BlackElo "2330"]

1.e4 c5 2.Nf3 Nc6 3.d4 cxd4 4.Nxd4 Nf6 5.Nc3 d6 6.Bg5 e6 7.Qd2 Be7 8.O-O-O O-O
9.f4 h6 10.Bh4 e5 11.Nf5 Bxf5 12.exf5 exf4 13.Kb1 d5 14.Bxf6 Bxf6 15.Nxd5 Bd4
16.Bc4 b5 17.Bxb5 Bxb2 18.Kxb2 Rb8 19.a4 a6 20.Qc3 Na7 21.Qc5 Qa5 22.Qb4 Qxb4+
23.Nxb4 axb5 24.a5 Rfc8 25.Rd6 Rc4 26.Kb3 Re8 27.Rhd1 Re3+ 28.R1d3 Re1 29.c3
Rb1+ 30.Ka2 Rg1 31.Rd8+ Kh7 32.Rf8 Rxg2+ 33.Kb3 Rc8 34.Rxf7 Nc6 35.Nxc6 Rxc6
36.Rd8 h5 37.Rff8 Kh6 38.h4 g5 39.Rf7 {#r} 1-0

[Event "Ch Brazil"]
[Site "masterchessopen.com – Brazil"]
[Round "10"]
[White "Braga Cicero (BRA)"]
[Black "Chemin Vitorio (BRA)"]
[Result "1-0"]
[WhiteElo "2416"]
[BlackElo "2191"]

1.e4 c5 2.Nf3 d6 3.d4 cxd4 4.Nxd4 Nf6 5.Nc3 Nc6 6.Bg5 e6 7.Qd2 Be7 8.O-O-O O-O
9.f4 a6 10.e5 dxe5 11.Nxc6 bxc6 12.fxe5 Qxd2+ 13.Rxd2 Nd5 14.Bxe7 Nxe7 15.Bd3
a5 16.Na4 Ba6 17.Be4 f5 18.exf6 gxf6 19.Nc5 f5 20.Bf3 Bc4 21.Re1 Ng6 22.Nd7
Rfd8 23.Bxc6 Rac8 24.Bb7 Rc7 25.Nf6+ Kf7 26.Rxd8 Kxf6 27.Rc8 Rxb7 28.Rxc4 e5
29.a4 h5 30.Rc6+ Kg5 31.Rxg6+ Kxg6 32.Rxe5 Rb4 33.Rxa5 Rg4 34.Ra8 Kf6 35.a5
Rxg2 36.a6 Ke7 37.a7 Rg1+ 38.Kd2 Ra1 39.Rh8 {#r} 1-0

[Event "?"]
[Site "masterchessopen.com – USA"]
[Round "0"]
[White "Weinstein Norman (USA)"]
[Black "Shamkovich Leonid (USA)"]
[Result "1-0"]
[WhiteElo "2450"]
[BlackElo "2485"]

1.e4 c5 2.Nf3 Nc6 3.d4 cxd4 4.Nxd4 Nf6 5.Nc3 d6 6.Bg5 e6 7.Qd2 Be7 8.O-O-O O-O
9.f4 Qa5 10.Nb3 Qb6 11.Kb1 Rd8 12.Bd3 h6 13.h4 a5 14.a4 d5 15.Bxf6 Bxf6 16.e5
Be7 17.g4 g6 18.f5 Nxe5 19.fxg6 Kg7 20.gxf7 Nxf7 21.g5 h5 22.Qe2 e5 23.Qxh5 e4
24.Nxd5 Rxd5 25.Bxe4 Rxd1+ 26.Rxd1 Bh3 27.Qh7+ Kf8 28.Bd5 {#r} 1-0

[Event "?"]
[Site "masterchessopen.com – Netherlands"]
[Round "0"]
[White "Liberzon Vladimir M (ISR)"]
[Black "Sosonko Gennadi (NED)"]
[Result "1-0"]
[WhiteElo "2555"]
[BlackElo "2575"]

1.e4 c5 2.Nf3 Nc6 3.d4 cxd4 4.Nxd4 Nf6 5.Nc3 d6 6.Bg5 e6 7.Qd2 Be7 8.O-O-O O-O
9.f4 h6 10.Bh4 Bd7 11.Nf3 Nxe4 12.Nxe4 Bxh4 13.Qxd6 Be8 14.Nxh4 Qxh4 15.g3 Qh5
{#r} 1-0

[Event "It (w)"]
[Site "masterchessopen.com – Naleczow (Poland)"]
[Round "9"]
[White "Wiese-Jozwiak Malgorzata (POL)"]
[Black "Jagodzinska Joanna (POL)"]
[Result "1-0"]
[WhiteElo "2205"]
[BlackElo "2000"]

1.e4 c5 2.Nf3 Nc6 3.d4 cxd4 4.Nxd4 Nf6 5.Nc3 d6 6.Bg5 e6 7.Qd2 Be7 8.O-O-O O-O
9.f4 h6 10.Bxf6 Bxf6 11.Nb3 e5 12.Nd5 exf4 13.Kb1 Be5 14.Be2 a6 15.g3 f3
16.Bxf3 Be6 17.Rdf1 a5 18.Nc1 b5 19.Nd3 b4 20.h4 Qb8 21.g4 Nd4 22.Nxe5 dxe5
23.g5 Bxd5 24.exd5 Qd6 25.Rhg1 Kh8 26.Qg2 Rac8 27.Be4 a4 28.Qg4 Rc7 29.Rf6
gxf6 30.gxh6 Ne6 31.Qf5 Ng5 32.hxg5 {#r} 1-0

[Event "It \"]
[Site "masterchessopen.com – Amsterdam (Netherlands)"]
[Round "5"]
[White "Unzicker Wolfgang (GER)"]
[Black "Ligterink Gert (NED)"]
[Result "1-0"]
[WhiteElo "2510"]
[BlackElo "2455"]

1.e4 c5 2.Nf3 d6 3.d4 cxd4 4.Nxd4 Nf6 5.Nc3 Nc6 6.Bg5 e6 7.Qd2 Be7 8.O-O-O O-O
9.f4 h6 10.Bh4 Bd7 11.Nf3 Qa5 12.Qe1 Rfc8 13.e5 dxe5 14.fxe5 Nb4 15.exf6 Rxc3
16.bxc3 Nxa2+ 17.Kd2 Bc5 18.Bd3 Nxc3 19.Ra1 Qb4 20.Qe5 Bc6 21.Be1 Bxf3 22.gxf3
Rd8 23.Kc1 Bd4 24.Qa5 Be3+ 25.Bd2 {#r} 1-0

[Event "Ch Great Britain"]
[Site "masterchessopen.com – Brighton (England)"]
[Round "10"]
[White "Knox Victor W (ENG)"]
[Black "Bellin Robert (ENG)"]
[Result "0-1"]
[WhiteElo "2320"]
[BlackElo "2440"]

1.e4 c5 2.Nf3 Nc6 3.d4 cxd4 4.Nxd4 Nf6 5.Nc3 d6 6.Bg5 e6 7.Qd2 Be7 8.O-O-O O-O
9.f4 h6 10.Bh4 Bd7 11.Nf3 Qa5 12.Bd3 b5 13.Kb1 b4 14.Ne2 Qc5 15.g4 Nxg4
16.Rhg1 Bxh4 17.Rxg4 Bf2 18.Ng3 f5 19.exf5 exf5 20.Rg6 Kh7 21.Nh4 Ne7 22.Rxd6
Bxg3 23.Rxd7 Bxh4 24.Qg2 Qc6 {#R} 0-1

[Event "It (cat.15)"]
[Site "masterchessopen.com – Bugojno (Bosnia & Herzegovina)"]
[Round "0"]
[White "Karpov Anatoly (RUS)"]
[Black "Kavalek Lubomir (USA)"]
[Result "1-0"]
[WhiteElo "2725"]
[BlackElo "2600"]

1.e4 c5 2.Nf3 d6 3.d4 cxd4 4.Nxd4 Nf6 5.Nc3 Nc6 6.Bg5 e6 7.Qd2 Be7 8.O-O-O O-O
9.f4 h6 10.Bxf6 Bxf6 11.Nb3 e5 12.g3 Bg4 13.Re1 a5 14.a4 Rc8 15.Nd5 Be6 16.Kb1
Bxd5 17.exd5 Nb4 18.c3 Na6 19.Bb5 Nc7 20.Qd3 exf4 21.gxf4 Nxb5 22.Qxb5 Ra8
23.Re4 Qc8 24.Rhe1 b6 25.Nd2 Qh3 26.Nc4 Qxh2 27.Nxd6 Rad8 28.Nc4 Kh7 29.d6 Qh3
30.Rd1 Rd7 31.Ka2 Rfd8 32.Qc6 h5 33.Nxb6 Qf3 34.Nxd7 Qxd1 35.Nxf6+ gxf6 36.Rd4
Qe2 37.d7 Kg7 38.f5 h4 39.Qc7 Qe7 40.Rg4+ Kf8 41.Rxh4 Qxd7 42.Qxd8+ {#r} 1-0

[Event "Ch Europe (juniors)"]
[Site "masterchessopen.com – Groningen (Netherlands)"]
[Round "12"]
[White "Danailov Silvio (BUL)"]
[Black "Cvitan Ognjen (CRO)"]
[Result "1-0"]
[WhiteElo "2295"]
[BlackElo "2507"]

1.e4 c5 2.Nf3 Nc6 3.d4 cxd4 4.Nxd4 Nf6 5.Nc3 d6 6.Bg5 e6 7.Qd2 Be7 8.O-O-O O-O
9.f4 h6 10.Bxf6 Bxf6 11.Nb3 e5 12.g3 Bg4 13.Re1 Rc8 14.Nd5 a5 15.a4 Be6 16.Kb1
exf4 17.gxf4 Bh4 18.Rd1 Re8 19.Rg1 f5 20.exf5 Bxf5 21.Bd3 Bxd3 22.Qxd3 Rf8
23.Qg6 Bf6 24.Qxh6 Nb4 25.Nxb4 axb4 26.Qh5 Qd7 27.Qd5+ Rf7 28.a5 Rc6 29.Rge1
Qc8 30.Rd2 Qd7 31.Re6 Ra6 32.f5 Rc6 33.h3 Qc8 34.Re4 Be5 35.Rxb4 Rc7 36.Rf2
Kf8 37.Nd4 Rce7 38.Rc4 Qe8 39.Re2 {#r} 1-0

[Event "Olympiad"]
[Site "masterchessopen.com – Malta"]
[Round "0"]
[White "Rodriguez Adolfo I (ARG)"]
[Black "Bitar Yasser (SYR)"]
[Result "1-0"]
[WhiteElo "2235"]
[BlackElo "2138"]

1.e4 c5 2.Nf3 d6 3.d4 cxd4 4.Nxd4 Nf6 5.Nc3 Nc6 6.Bg5 e6 7.Qd2 Be7 8.O-O-O O-O
9.f4 h6 10.Bh4 Bd7 11.Ndb5 Nxe4 12.Bxe7 Nxd2 13.Bxd8 Nxf1 14.Bc7 Ne3 15.Rxd6
a6 16.Na3 Bc8 17.g3 Nf5 18.Rd2 b5 19.Ne4 Ra7 20.Bb6 Rb7 21.Bc5 Rd8 22.Rxd8+
Nxd8 23.Rd1 Rd7 24.g4 Nb7 25.gxf5 exf5 26.Nd6 Nxc5 27.Nxc8 Rxd1+ 28.Kxd1 Ne6
29.Ne7+ Kh7 30.Nd5 g5 31.c4 bxc4 32.Nxc4 gxf4 33.Ne5 Kg7 34.Ke2 f6 35.Nd3 Nd4+
36.Kf2 Kg6 37.N3xf4+ Kg5 38.Kg3 {#r} 1-0

[Event "Ch Argentina"]
[Site "masterchessopen.com – Quilmes (Argentina)"]
[Round "2"]
[White "Hase Juan C (ARG)"]
[Black "Garcia Raimundo (ARG)"]
[Result "0-1"]
[WhiteElo "2395"]
[BlackElo "2430"]

1.e4 c5 2.Nf3 d6 3.d4 cxd4 4.Nxd4 Nf6 5.Nc3 e6 6.Bg5 Nc6 7.Qd2 Be7 8.O-O-O O-O
9.f4 h6 10.Bxf6 Bxf6 11.Nb3 e5 12.g3 Bg4 13.Re1 a5 14.a4 Nb4 15.Kb1 Rc8 16.Rg1
d5 17.exd5 exf4 18.gxf4 Bf5 19.Nd4 Qb6 20.Nxf5 Bxc3 21.Qe3 Rce8 22.Qxe8 Rxe8
23.Rxe8+ Kh7 24.Rg2 Nxd5 25.Bb5 Nc7 26.Re3 Nxb5 27.axb5 Qxb5 28.Rxc3 Qf1+ {#R}
0-1

[Event "?"]
[Site "masterchessopen.com – Trinec (Czech Republic)"]
[Round "0"]
[White "Fichtl Jiri (CZE)"]
[Black "Bielczyk Jacek (POL)"]
[Result "0-1"]
[WhiteElo "2213"]
[BlackElo "2380"]

1.e4 c5 2.Nf3 d6 3.d4 cxd4 4.Nxd4 Nf6 5.Nc3 Nc6 6.Bg5 e6 7.Qd2 Be7 8.O-O-O O-O
9.f4 h6 10.Bxf6 Bxf6 11.Nb3 Be7 12.Qf2 a6 13.h4 b5 14.g4 b4 15.Ne2 a5 16.g5 a4
17.Nbd4 Bb7 18.Rg1 hxg5 19.hxg5 Nxd4 20.Qxd4 Qc7 21.Qd3 b3 22.axb3 axb3 23.Nc3
d5 24.e5 d4 25.Nb1 bxc2 26.Qxc2 Qb6 27.Bc4 Rfc8 28.b3 g6 29.Rg3 Ra1 30.Rf1 d3
31.Rxd3 Be4 32.Kd2 Bxd3 33.Kxd3 Rca8 34.Rf2 Bc5 35.Rg2 Qd8+ 36.Ke4 Qd4+ 37.Kf3
R8a2 38.Qxa2 Rxa2 39.Rxa2 Qd1+ {#R} 0-1

[Event "Ch URS"]
[Site "masterchessopen.com – Vilnius (Lithuania)"]
[Round "5"]
[White "Beliavsky Alexander G (SLO)"]
[Black "Kupreichik Viktor D (BLR)"]
[Result "0-1"]
[WhiteElo "2590"]
[BlackElo "2535"]

1.e4 c5 2.Nf3 d6 3.d4 cxd4 4.Nxd4 Nf6 5.Nc3 Nc6 6.Bg5 e6 7.Qd2 Be7 8.O-O-O O-O
9.f4 h6 10.Bh4 Bd7 11.Ndb5 d5 12.exd5 Nxd5 13.Nxd5 exd5 14.Bxe7 ( 14.Qxd5 { ?
} 14...Bg4 { ! ^20 } ) 14...Nxe7 15.Nd4 Rc8 16.Be2 { ?! } ( { ? } 16.Bd3 )
16...Nf5 17.g4 Nd6 18.Bd3 Bxg4 19.Rdg1 Bh5 { ! } 20.Rg3 { ?! } ( 20.Rg2 Ne4
21.Qe3 Qf6 { ! } 22.Rhg1 g6 23.f5 Kh7 24.Bxe4 dxe4 25.Qxe4 Rfe8 { = } )
20...Ne4 21.Bxe4 dxe4 22.Rhg1 g6 23.f5 Kh7 24.Qe3 Qd5 { !?? } 25.Kb1 Rcd8
26.c3 b5 27.Rh3 b4 28.Rh4 bxc3 29.fxg6+ fxg6 30.Rxe4 g5 31.Re7+ Bf7 32.Nb3 c2+
{ ! ??+ } 33.Ka1 ( 33.Kxc2 Qf5+ 34.Kc1 Rd3 { ! } 35.Qe4 Rc8+ 36.Kb1 Qxe4
37.Rxe4 Rxb3 38.axb3 Bg6 39.Re1 Re8 { ??+ } ) 33...Rfe8 34.Rc1 Rxe7 35.Qxe7
Rd7 36.Qf6 Rd6 37.Qe7 Rd7 ( 37...Ra6 { ? } 38.Rxc2 Qxb3 39.Qe4+ { = } ) 38.Qf6
Rc7 39.Qa6 Qe4 40.Qa5 Qf4 {#R} 0-1

[Event "It (cat.9)"]
[Site "masterchessopen.com – Baden-Baden (Germany)"]
[Round "0"]
[White "Unzicker Wolfgang (GER)"]
[Black "Borik Otto (GER)"]
[Result "1-0"]
[WhiteElo "2505"]
[BlackElo "2410"]

1.e4 c5 2.Nf3 d6 3.d4 cxd4 4.Nxd4 Nf6 5.Nc3 Nc6 6.Bg5 e6 7.Qd2 Be7 8.O-O-O O-O
9.f4 h6 10.Bh4 Bd7 11.Ndb5 d5 12.e5 Ne8 13.Bxe7 Qxe7 14.g3 Rc8 15.Kb1 Qc5
16.Be2 Na5 17.Nd4 Nc7 18.h4 Rb8 19.Ncb5 Nc4 20.Bxc4 dxc4 21.Nxc7 Qxc7 22.Rhe1
Rfd8 23.g4 Rbc8 24.c3 Ba4 25.Rc1 Rd5 26.Qe2 Qb6 27.Qe3 Rcc5 28.Re2 Ra5 29.Rg1
Be8 30.h5 Kf8 31.g5 Ra6 32.gxh6 gxh6 33.f5 Rxd4 34.f6 Bc6 35.cxd4 c3 36.Qxc3
Qb5 37.Qc5+ Qxc5 38.dxc5 Ra4 39.Re3 Be4+ 40.Ka1 Bd5 41.b3 Rh4 42.Reg3 Ke8
43.c6 bxc6 44.Rg8+ Kd7 45.R1g7 c5 46.Rxf7+ Kc6 47.Rxa7 c4 48.bxc4 Bxc4 49.f7
Rh1+ 50.Kb2 {#r} 1-0

[Event "Ch Belarus"]
[Site "masterchessopen.com – Belarus"]
[Round "0"]
[White "Kovalev Andrei (BLR)"]
[Black "Basin Leonid (RUS)"]
[Result "0-1"]
[WhiteElo "2513"]
[BlackElo "2420"]

1.e4 c5 2.Nf3 Nc6 3.Nc3 d6 4.d4 cxd4 5.Nxd4 Nf6 6.Bg5 e6 7.Qd2 Be7 8.O-O-O O-O
9.f4 h6 10.Bh4 Bd7 11.Nf3 Qa5 12.Qe1 Rac8 13.Kb1 Nb4 14.a3 Nxc2 15.Kxc2 Ba4+
16.Kd2 Rxc3 17.bxc3 Bxd1 18.Kxd1 Qa4+ 19.Ke2 Qxe4+ 20.Kf2 Ng4+ 21.Kg3 Bxh4+
22.Kxh4 Qxf4 23.Qg3 g5+ 24.Kh5 Qf5 25.Bd3 Qxd3 26.Kxg4 Qf5+ 27.Kh5 Qg6+ 28.Kg4
h5+ {#R} 0-1

[Event "It (cat.4)"]
[Site "masterchessopen.com – Buenos Aires (Argentina)"]
[Round "0"]
[White "Campora Daniel H (ARG)"]
[Black "Franco Ocampos Zenon (PAR)"]
[Result "1-0"]
[WhiteElo "2490"]
[BlackElo "2501"]

1.e4 c5 2.Nf3 Nc6 3.d4 cxd4 4.Nxd4 Nf6 5.Nc3 d6 6.Bg5 e6 7.Qd2 Be7 8.f4 O-O
9.O-O-O h6 10.Bh4 Bd7 11.Nf3 Qa5 12.Kb1 Rfc8 13.Rg1 Rab8 14.g4 b5 15.Bxf6 Bxf6
16.e5 dxe5 17.g5 hxg5 18.fxg5 Be7 19.Qxd7 b4 20.Nd5 exd5 21.g6 b3 22.cxb3 Nb4
23.a3 Qc5 24.Bc4 dxc4 25.Ng5 Qc6 26.gxf7+ Kh8 27.Qf5 Qh6 28.axb4 cxb3 29.Rd3
Rd8 30.Rh3 Bxg5 31.Qxg5 {#r} 1-0

[Event "Ch DDR (juniors) (under 20)"]
[Site "masterchessopen.com – Ilmenau (Germany)"]
[Round "0"]
[White "Voekler Bernd (GER)"]
[Black "Tischbierek Raj (GER)"]
[Result "0-1"]
[WhiteElo "2374"]
[BlackElo "2380"]

1.e4 c5 2.Nf3 Nc6 3.d4 cxd4 4.Nxd4 Nf6 5.Nc3 d6 6.Bg5 e6 7.Qd2 Be7 8.O-O-O O-O
9.f4 h6 10.h4 Nxd4 11.Qxd4 Qa5 12.Bd3 e5 13.Qf2 Be6 14.Bxf6 Bxf6 15.f5 Bxa2
16.g4 Rfc8 17.Qg2 Bd8 18.g5 h5 19.Kd2 Rxc3 20.bxc3 Rc8 21.g6 Qxc3+ 22.Ke2 Bc4
23.gxf7+ Kf8 24.f6 Bxf6 25.Rd2 Be6 26.Rb1 Bg4+ 27.Kf1 Rc7 28.Rf2 Bxh4 29.Rf5
Bxf5 30.exf5 Qd4 31.Be4 b6 32.Bd5 Rc3 {#R} 0-1

[Event "Ch Netherlands"]
[Site "masterchessopen.com – Leeuwarden (Netherlands)"]
[Round "0"]
[White "Stehouwer Coen (NED)"]
[Black "Ligterink Gert (NED)"]
[Result "0-1"]
[WhiteElo "2310"]
[BlackElo "2430"]

1.e4 c5 2.Nf3 d6 3.d4 cxd4 4.Nxd4 Nf6 5.Nc3 Nc6 6.Bg5 e6 7.Qd2 Be7 8.O-O-O O-O
9.f4 h6 10.Bh4 d5 11.e5 Nd7 12.Bxe7 Qxe7 13.Bb5 Nb6 14.Qf2 Bd7 15.Bxc6 bxc6
16.Nb3 f6 17.Rde1 fxe5 18.Rxe5 Qf6 19.Rf1 Nc4 20.Ree1 e5 21.Nd2 Nxd2 22.Qxd2
exf4 23.Ne2 g5 24.h4 Rae8 25.hxg5 hxg5 26.Qa5 Bg4 27.Nc3 Qd4 28.Rh1 f3 29.gxf3
Bxf3 30.Rhg1 g4 31.Qc7 Rxe1+ 32.Rxe1 Qf4+ 33.Qxf4 Rxf4 34.Kd2 Rd4+ 35.Ke3 Rb4
36.Kd3 Rxb2 37.Re7 g3 38.Re5 g2 39.Rg5+ Kf7 40.Rg3 Ke6 41.a3 Ke5 42.Rg7 d4
{#R} 0-1

[Event "Memorial A.Sokolsky"]
[Site "masterchessopen.com – Minsk (Belarus)"]
[Round "1"]
[White "Kovalev Andrei (BLR)"]
[Black "Maryasin Boris (ISR)"]
[Result "0-1"]
[WhiteElo "2513"]
[BlackElo "2318"]

1.e4 c5 2.Nf3 d6 3.d4 cxd4 4.Nxd4 Nf6 5.Nc3 Nc6 6.Bg5 e6 7.Qd2 Be7 8.O-O-O O-O
9.f4 h6 10.Bxf6 Bxf6 11.Nxc6 bxc6 12.Qxd6 Qb6 13.Qd3 Rb8 14.b3 Rd8 15.Qf3 Bd4
16.Be2 Qa5 17.Na4 c5 18.c3 Bd7 19.cxd4 Bxa4 20.Kb1 cxd4 21.Bc4 Qb4 22.Qd3 Bc6
23.Rc1 Rb6 24.Rhe1 a5 25.f5 exf5 26.exf5 a4 27.f6 axb3 28.axb3 Bb5 29.Re3 Bxc4
30.Rxc4 Qxc4 31.Re8+ Rxe8 32.Qxc4 Rd6 33.Kc2 d3+ 34.Kd2 g6 35.Qf4 Re2+ 36.Kd1
Ree6 37.Qxh6 Rxf6 38.Qe3 d2 39.Qe8+ Kh7 40.Qb5 Rfe6 {#R} 0-1

[Event "Ch NRW"]
[Site "masterchessopen.com – Niederdreisbach (Germany)"]
[Round "0"]
[White "Beckemeier Werner (GER)"]
[Black "Gruen Peter (GER)"]
[Result "1-0"]
[WhiteElo "2384"]
[BlackElo "2370"]

1.e4 c5 2.Nf3 Nc6 3.d4 cxd4 4.Nxd4 Nf6 5.Nc3 d6 6.Bg5 e6 7.Qd2 Be7 8.O-O-O O-O
9.f4 h6 10.Bh4 Bd7 11.Nb3 Qb6 12.e5 Nd5 13.Bf2 Qc7 14.Nb5 Qb8 15.exd6 Bf6
16.Kb1 Rd8 17.c4 Ndb4 18.a3 Na6 19.g4 g6 20.h4 e5 21.g5 Bg7 22.h5 Bf5+ 23.Ka1
hxg5 24.fxg5 gxh5 25.Rxh5 Bg6 26.Rh4 e4 27.Be2 b6 28.Rdh1 Nc5 29.Nxc5 bxc5
30.Bh5 Bxh5 31.Rxh5 a6 32.g6 fxg6 33.Qd5+ Kf8 34.Bd4 Nxd4 35.Nxd4 Rxd6 36.Rh8+
Ke7 37.Qxe4+ Kd7 38.Rxb8 Rxb8 39.Rh7 Rg8 40.Qb7+ {#r} 1-0

[Event "It (b)"]
[Site "masterchessopen.com – Wijk aan Zee (Netherlands)"]
[Round "6"]
[White "Van Der Wiel John T H (NED)"]
[Black "Ligterink Gert (NED)"]
[Result "1-0"]
[WhiteElo "2470"]
[BlackElo "2430"]

1.e4 c5 2.Nf3 d6 3.d4 cxd4 4.Nxd4 Nf6 5.Nc3 Nc6 6.Bg5 e6 7.Qd2 Be7 8.O-O-O O-O
9.f4 h6 10.Bh4 Bd7 11.Ndb5 d5 12.e5 Ne4 13.Bxe7 Nxd2 14.Bxd8 Nxf1 15.Rhxf1
Rfxd8 16.Nd6 b6 17.Ne2 Ne7 18.Nd4 Nc8 19.Nxc8 Raxc8 20.g4 f6 21.Rde1 Rf8 22.f5
fxe5 23.Rxe5 exf5 24.Rxd5 Rf7 25.gxf5 Rcf8 26.Kd2 Bc8 27.c4 g5 28.a4 Kh7 29.a5
h5 30.axb6 axb6 31.Rd6 Rf6 32.Rxf6 Rxf6 33.Kd3 Bb7 34.Re1 Bg2 35.Rg1 {#r} 1-0

[Event "It (young masters)"]
[Site "masterchessopen.com – Gausdal (Norway)"]
[Round "2"]
[White "Morris Walter D (USA)"]
[Black "Norgaard Jesper (DEN)"]
[Result "1-0"]
[WhiteElo "2360"]
[BlackElo "2408"]

1.e4 c5 2.Nf3 Nc6 3.d4 cxd4 4.Nxd4 Nf6 5.Nc3 d6 6.Bg5 e6 7.Qd2 Be7 8.O-O-O O-O
9.f4 h6 10.Bh4 Bd7 11.Nf3 Qa5 12.Kb1 Rfd8 13.Rg1 Rac8 14.Bd3 Be8 15.g4 Nd7
16.g5 hxg5 17.Bxg5 Nc5 18.f5 f6 19.Bh6 Bf8 20.Bxg7 Bxg7 21.Rxg7+ Kxg7 22.Rg1+
Kf8 23.Qh6+ Ke7 24.Rg7+ Bf7 25.fxe6 Nxe6 26.Nd5+ Qxd5 27.Rxf7+ Kxf7 28.exd5
Ne5 29.Nxe5+ dxe5 30.Qh7+ Ng7 31.Bg6+ Ke7 32.Qxg7+ Kd6 33.Qxf6+ Kxd5 34.Bf5
Rf8 35.Qe6+ Kd4 36.Qxc8 {#r} 1-0

[Event "Olympiad"]
[Site "masterchessopen.com – Lucerne (Switzerland)"]
[Round "0"]
[White "Jansa Vlastimil (CZE)"]
[Black "Bielczyk Jacek (POL)"]
[Result "1-0"]
[WhiteElo "2455"]
[BlackElo "2301"]

1.e4 c5 2.Nf3 Nc6 3.d4 cxd4 4.Nxd4 Nf6 5.Nc3 d6 6.Bg5 e6 7.Qd2 Be7 8.O-O-O O-O
9.f4 h6 10.Bh4 e5 11.Nf5 Bxf5 12.exf5 Qa5 13.Kb1 Rfe8 14.Bxf6 Bxf6 15.Nd5 Qxd2
16.Rxd2 exf4 17.Nxf6+ gxf6 18.Be2 Re3 19.Bf3 Rd8 20.b3 Kf8 21.Rf1 Re5 22.Bxc6
bxc6 23.Rxf4 Ke7 24.Rh4 Rxf5 25.Rxh6 Rg8 26.Rh4 Rfg5 27.g3 Rg4 28.Re2+ Kd7
29.Rh7 R8g7 30.Rxg7 Rxg7 31.Kc1 Rg4 32.Kd2 Rd4+ 33.Ke3 Rd1 34.Kf4 d5 35.h4 Rh1
36.Kf3 Rd1 37.Kg2 Rd4 38.h5 Rg4 39.Kf3 Rg5 40.Rh2 Rf5+ 41.Kg4 Rg5+ 42.Kf4 {#r}
1-0

[Event "It (open)"]
[Site "masterchessopen.com – Lugano (Switzerland)"]
[Round "0"]
[White "Roos Daniel (FRA)"]
[Black "Beggi Pierluigi (ITA)"]
[Result "0-1"]
[WhiteElo "2405"]
[BlackElo "2122"]

1.e4 c5 2.Nf3 Nc6 3.d4 cxd4 4.Nxd4 Nf6 5.Nc3 d6 6.Bg5 e6 7.Qd2 Be7 8.O-O-O O-O
9.f4 h6 10.Bh4 Bd7 11.Nf3 Qa5 12.Kb1 Rfc8 13.Qe1 d5 14.exd5 Nb4 15.a3 Nxc2
16.Kxc2 Ba4+ 17.Kd3 Rxc3+ 18.bxc3 Qxd5+ 19.Nd4 Bxd1 20.Bxf6 gxf6 21.Qxd1 e5
22.Qf3 Qd6 23.Kc2 exd4 24.Qg4+ Kh8 25.Bd3 Qc5 26.c4 Qa5 27.Qh3 Bf8 28.Be4 Re8
29.Qd3 Bc5 30.Rb1 f5 31.Qh3 Rxe4 32.Qxh6+ Kg8 33.Qg5+ Kf8 34.Qh6+ Ke8 35.Qh8+
Bf8 {#R} 0-1

[Event "Ch Iceland"]
[Site "masterchessopen.com – Reykjavik (Iceland)"]
[Round "5"]
[White "Danielsson Sigurdur (ISL)"]
[Black "Bjarnason Saevar (ISL)"]
[Result "1-0"]
[WhiteElo "2107"]
[BlackElo "2129"]

1.e4 c5 2.Nf3 e6 3.d4 cxd4 4.Nxd4 Nf6 5.Nc3 d6 6.Bg5 Nc6 7.Qd2 Be7 8.O-O-O O-O
9.f4 h6 10.Bxf6 Bxf6 11.Nxc6 bxc6 12.Qxd6 Qb6 13.e5 Rd8 14.Qa3 Qe3+ 15.Kb1
Rxd1+ 16.Nxd1 Qxa3 17.bxa3 Be7 18.a4 Rb8+ 19.Kc1 Ba3+ 20.Kd2 Rb4 21.g3 Rxa4
22.Bd3 Bb4+ 23.Ke2 Rxa2 24.Ne3 Bc3 25.Rb1 Rb2 26.Rd1 Kf8 27.Bc4 Ke7 28.Kd3 Bb4
29.Ra1 Bc5 30.Bb3 Kd8 31.Nc4 Rxb3+ 32.cxb3 Kc7 33.Kc3 a6 34.b4 Be7 35.Rd1 Bd7
36.Nd6 f6 37.Kc4 g5 38.Nb7 gxf4 39.gxf4 fxe5 40.fxe5 Bg5 41.Nc5 Bc8 42.Rf1 Be7
43.Rf7 Kd8 44.Ne4 Bd7 45.Rh7 Bf8 46.Nf6 Bc8 47.Rh8 Ke7 48.Nh7 {#r} 1-0

[Event "?"]
[Site "masterchessopen.com – URS"]
[Round "0"]
[White "Petrushin Alexander I (RUS)"]
[Black "Vekshenkov Nikolai (RUS)"]
[Result "1-0"]
[WhiteElo "2434"]
[BlackElo "2416"]

1.e4 c5 2.Nf3 d6 3.d4 cxd4 4.Nxd4 Nf6 5.Nc3 Nc6 6.Bg5 e6 7.Qd2 Be7 8.O-O-O O-O
9.f4 h6 10.Bh4 Bd7 11.Nf3 Qa5 12.Kb1 Rfc8 13.a3 Be8 14.Bb5 Bd8 15.Rhe1 a6
16.Ba4 b5 17.Bb3 b4 18.axb4 Qxb4 19.e5 dxe5 20.fxe5 Nd7 21.Re4 Qf8 22.Rf1 Ba5
23.Rg4 Bxc3 24.bxc3 Rab8 25.Nd4 Ncxe5 26.Nxe6 Nxg4 27.Nxf8 Kxf8 28.Rf4 Nge5
29.Rb4 Ra8 30.Bg3 a5 31.Rb7 Nc5 32.Bxe5 Nxb7 33.Qd4 Nc5 34.Bxg7+ Ke7 35.Bf6+
Kf8 36.Qd6+ {#r} 1-0

[Event "Ch World (for the Blind)"]
[Site "masterchessopen.com – Hastings (England)"]
[Date "1982.04.07"]
[Round "4"]
[White "Baretic Dragoljub (SRB)"]
[Black "Rudenskij N (RUS)"]
[Result "0-1"]
[WhiteElo "2097"]
[BlackElo "2235"]

1.e4 c5 2.Nf3 Nc6 3.Nc3 d6 4.d4 cxd4 5.Nxd4 Nf6 6.Bg5 e6 7.Qd2 Be7 8.O-O-O O-O
9.f4 h6 10.Bxf6 Bxf6 11.Nxc6 bxc6 12.Qxd6 Qb6 13.e5 Rd8 14.Qa3 Qe3+ 15.Kb1
Rxd1+ 16.Nxd1 Qxa3 17.bxa3 Rb8+ 18.Kc1 Be7 19.Ne3 Bxa3+ 20.Kd2 Rb1 21.g3 Bc1+
22.Kd3 Ba6+ 23.Nc4 Ba3 24.c3 Rd1+ 25.Kc2 Rxf1 26.Rxf1 Bxc4 27.Rd1 Kf8 28.Rb1
g5 29.fxg5 hxg5 30.h4 g4 31.h5 Kg7 32.Rb7 Bc5 33.h6+ Kxh6 34.Rxf7 Bxa2 35.Rf4
Kg5 36.c4 Be3 37.Re4 Bf2 38.Kb2 Bxc4 39.Rxc4 Bxg3 40.Rxc6 Bxe5+ 41.Kc2 g3
42.Rxe6 Kf4 43.Re8 g2 44.Rg8 Kf3 45.Kd3 Bg3 46.Rf8+ Kg4 47.Rg8+ Kf4 48.Rf8+
Ke5 {#R} 0-1